Normal view
MARC view
- Folk art $z Pakistan $x Themes, motives
Entry Topical Term
001 - CONTROL NUMBER
- control field: 4926
003 - CONTROL NUMBER IDENTIFIER
- control field: NUST
005 - DATE AND TIME OF LATEST TRANSACTION
- control field: 20170922164312.0
008 - FIXED-LENGTH DATA ELEMENTS
- fixed length control field: 170922|| aca||aabn | a|a d
040 ## - CATALOGING SOURCE
- Original cataloging agency: NUST
- Transcribing agency: NUST
150 ## - HEADING--TOPICAL TERM
- Topical term or geographic name entry element: Folk art $z Pakistan $x Themes, motives
670 ## - SOURCE DATA FOUND
- Source citation: Work cat.: (NUST): Elias, Jamal J 4925, On wings of diesel:, 2011
